<?xml version="1.0" encoding="UTF-8"?>
<marc:record xmlns:marc="http://www.loc.gov/MARC21/slim">
   <marc:leader>00000nam a2200000 a 4500</marc:leader>
   <marc:datafield ind1="1" ind2=" " tag="100">
      <marc:subfield code="a">Loyd, Alex</marc:subfield>
      <marc:subfield code="4">aut</marc:subfield>
      <marc:subfield code="e">Verfasser/-in</marc:subfield>
   </marc:datafield>
   <marc:datafield ind1="1" ind2=" " tag="100">
      <marc:subfield code="a">Johnson, Ben</marc:subfield>
      <marc:subfield code="4">aut</marc:subfield>
      <marc:subfield code="e">Verfasser/-in</marc:subfield>
   </marc:datafield>
   <marc:datafield ind1="0" ind2="0" tag="245">
      <marc:subfield code="a">Der Healing Code</marc:subfield>
   </marc:datafield>
   <marc:datafield ind1="0" ind2="0" tag="245">
      <marc:subfield code="b">die 6-Minuten-Heilmethode</marc:subfield>
   </marc:datafield>
   <marc:datafield ind1="0" ind2="0" tag="245">
      <marc:subfield code="c">Alex Loyd ; Ben Johnson</marc:subfield>
   </marc:datafield>
   <marc:datafield ind1=" " ind2="1" tag="264">
      <marc:subfield code="a">Reinbek bei Hamburg</marc:subfield>
      <marc:subfield code="b">Rowohlt</marc:subfield>
      <marc:subfield code="c">2015</marc:subfield>
   </marc:datafield>
   <marc:datafield ind1="1" ind2=" " tag="490">
      <marc:subfield code="a">rororo</marc:subfield>
   </marc:datafield>
   <marc:datafield ind1=" " ind2=" " tag="250">
      <marc:subfield code="a">28. Aufl.</marc:subfield>
   </marc:datafield>
   <marc:datafield ind1="1" ind2=" " tag="520">
      <marc:subfield code="a">In nur sechs Minuten zur Heilung  was unmöglich erscheint, haben Alex Loyd und Ben Johnson geschafft. Ihre Methode half Alex Loyds Frau, ihre Depression zu überwinden, und Johnson befreite sich von ALS, einer Krankheit, die eigentlich unheilbar ist. In ihrem Buch schildern sie weitere sensationelle Heilungsergebnisse, doch wirklich frappierend ist die Einfachheit dieser Methode: Man führt zweimal pro Tag eine Folge von vier Handpositionen aus, was gerade mal sechs Minuten dauert  das schafft jeder. Und die Ergebnisse sind einfach überwältigend!«Dr. Alex Loyd hat die ultimative Heilmethode entwickelt  sie ist revolutionär. Der einfachste Weg, gesund zu werden und es zu bleiben.» Marc Victor Hansen, Autor von Hühnersuppe für die Seele InhaltDank 11Einleitung: Die Entdeckung, die alles veränderte 13Die Grundlagen 3 3Die Drei "Einen Sachen" 3 3TEIL 1Die Sieben Geheimnisse d e s Lebens, der Gesundheit und d e s Wohlbefindens1 Geheimnis Nr. 1: Es gibt nur eine einzige Wurzel von Krankheitund Leiden 4 72 Geheimnis Nr. 2: Stress wird durch ein energetisches Problemim Körper verursacht 763 Geheimnis Nr. 3: Die Probleme des Herzens sind der Schlüsselzur Heilung 1124 Geheimnis Nr. 4: Die menschliche Festplatte 1315 Geheimnis Nr. 5: Ihr Antivirenprogramm macht Sie krank 1426 Geheimnis Nr. 6: Ich glaube! 1637 Geheimnis Nr. 7: Wenn Herz und Kopf sich streiten, gewinnt ... 1788 Alles, worum es geht, sind Ergebnisse 196TEIL 2Lösungen: Wie Sie buchstäblich jedes Gesundheits-, Beziehungs- undErfolgsproblem heilen können9 Was ist ein Healing Code? 22310 Ihr Universeller 6-Minuten-Healing-Code 24711 Mit dem Herzensproblemkompass Ihre Probleme aufspüren 27512 Instant Impact: Die 10-Sekunden-Lösung gegen denAlltagsstress 307Zur Vertiefung 327Über die Autoren 329</marc:subfield>
   </marc:datafield>
   <marc:datafield ind1=" " ind2=" " tag="020">
      <marc:subfield code="a">9783499628078</marc:subfield>
      <marc:subfield code="9">9783499628078</marc:subfield>
   </marc:datafield>
   <marc:datafield ind1=" " ind2=" " tag="041">
      <marc:subfield code="a">ger</marc:subfield>
   </marc:datafield>
   <marc:datafield ind1="1" ind2=" " tag="521">
      <marc:subfield code="a">0</marc:subfield>
   </marc:datafield>
   <marc:datafield ind1=" " ind2=" " tag="300">
      <marc:subfield code="a">347 S. : graph. Dars</marc:subfield>
   </marc:datafield>
</marc:record>
